Pilotes de Formule 1 en 2010 - Statistiques

Statistiques générales
  • Ce quiz a été pris 36 fois
  • Le résultat moyen est 19 sur 27
Statistiques - réponses
Ecurie Numéro Nationalité Nom du pilote Grand Prix disputés % Correct
Ferrari 8 Espagnol Alonso Tous
100%
Mclaren 1 Britannique Button Tous
100%
Mclaren 2 Britannique Hamilton Tous
100%
Ferrari 7 Brésilien Massa Tous
100%
Mercedes 3 Allemand Schumacher Tous
100%
Redbull 5 Allemand Vettel Tous
100%
Mercedes 4 Allemand Rosberg Tous
97%
Redbull 6 Australien Webber Tous
97%
Renault 11 Polonais Kubica Tous
94%
Williams 10 Allemand Hülkenberg Tous
88%
BMW Sauber 23 Japonais Kobayashi Tous
81%
Williams 9 Brésilien Barrichello Tous
75%
HRT 21 Brésilien Senna Tous sauf Silverstone
72%
Toro Rosso 16 Suisse Buemi Tous
69%
Team Lotus 19 Finlandais Kovalainen Tous
69%
Renault 12 Russe Petrov Tous
69%
Force India 14 Allemand Sutil Tous
69%
Team Lotus 18 Italien Trulli Tous
69%
BMW Sauber 22 Allemand Heidfeld De Singapour à Abu Dhabi
56%
BMW Sauber 22 Espagnol de la Rosa De Bahreïn à Monza
53%
Toro Rosso 17 Espagnol Alguersuari Tous
50%
Virgin 24 Allemand Glock Tous
50%
Force India 15 Italien Liuzzi Tous
41%
HRT 20 Autrichien Klien Singapour, Interlagos et Abu Dhabi
34%
HRT 20 Indien Chandhok De Bahreïn à Silverstone
31%
HRT 20/21 (a porté les 2 numéros) Japonais Yamamoto De Silverstone à Yeongam sauf Singapour
28%
Virgin 25 Brésilien di Grassi Tous
22%
Aucun quiz correspondant
Distribution des résultats
% des personnes avec chaque résultat
Percentile par nombre de réponses
Votre historique - résultats
Vous n’avez pas pris ce quiz